Intellectual property harmonisation within ASEAN and APEC /
Saved in:
| 企业作者: | |
|---|---|
| 其他作者: | , , |
| 格式: | 图书 |
| 语言: | English |
| 出版: |
The Hague : Frederick, MD :
Kluwer Law International ; Sold and distributed in North, Central and South America by Aspen Publishers,
c2004.
|
| 丛编: | Max Planck series on Asian intellectual property law ;
10. |
| 主题: | |
| 标签: |
添加标签
没有标签, 成为第一个标记此记录!
|
| LEADER | 02547pam a2200349 a 4500 | ||
|---|---|---|---|
| 001 | 009551832-0 | ||
| 005 | 20081031101316.0 | ||
| 008 | 040511s2004 ne a b 001 0 eng | ||
| 010 | |a 2004051597 | ||
| 020 | |a 9041122923 (alk. paper) | ||
| 035 | 0 | |a ocm55229074 | |
| 040 | |a DLC |c DLC |d DLC | ||
| 043 | |a a------ | ||
| 050 | 0 | 0 | |a KNC370 |b .I567 2004 |
| 082 | 0 | 0 | |a 346.504/8 |2 22 |
| 245 | 0 | 0 | |a Intellectual property harmonisation within ASEAN and APEC / |c editors, Christopher Antons, Michael Blakeney, Christopher Heath. |
| 246 | 3 | |a Intellectual property harmonization within ASEAN and APEC. | |
| 260 | |a The Hague : |b Kluwer Law International ; |a Frederick, MD : |b Sold and distributed in North, Central and South America by Aspen Publishers, |c c2004. | ||
| 300 | |a xxiii, 247 p. : |b ill. ; |c 25 cm. | ||
| 490 | 1 | |a Max Planck series on Asian intellectual property law ; |v 10 | |
| 504 | |a Includes bibliographical references and index. | ||
| 505 | 0 | |a Global intellectual property, competition and cultural traditions / Wolfgang Fikentscher -- TRIPS after the Doha Ministerial Declaration / Michael Blakeney -- Legal culture and its impact on regional harmonisation / Christoph Antons -- Methods of industrial property harmonisation -- the example of Europe / Christopher Heath -- Harmonising design law in a free trade area : jurisprudential lessons from the E.U. and the U.S. / Uma Suthersanen -- Harmonisation of copyright in Europe -- background, principles and problems / Silke von Lewinski -- Harmonisation and selective adaptation as intellectual property policies in Asia / Christoph Antons -- Transplanted law -- an ideological and cultural analysis of industrial property law in Vietnam / Pham Duy Nghia -- The momentum for review of TRIPS and harmonisation of intellectual property in ASEAN / Assafa Endeshaw -- Collective management of TRIPS : APEC, new regionalism and intellectual property / Antony Taubman -- The harmonisation of intellectual property rights in ASEAN / Weerawit Weeraworawit -- Harmonisation, regional collaboration and small patent offices / Patrick Smith. | |
| 650 | 0 | |a Intellectual property |z Asia. | |
| 650 | 0 | |a Law |z Asia |x International unification. | |
| 650 | 0 | |a Intellectual property. | |
| 700 | 1 | |a Antons, Christoph. | |
| 700 | 1 | |a Blakeney, Michael. | |
| 700 | 1 | |a Heath, Christopher. | |
| 710 | 2 | |a Max-Planck-Institut für Ausländisches und Internationales Patent-, Urheber- und Wettbewerbsrecht. | |
| 830 | 0 | |a Max Planck series on Asian intellectual property law ; |v 10. | |
| 988 | |a 20050419 | ||
| 906 | |0 DLC | ||


